Online
Catalog

Del púlpito a la política / (Record no. 4980)

MARC details
000 -CABECERA
campo de control de longitud fija 00671nam a2200181 a 4500
001 - NÚMERO DE CONTROL
campo de control 000005177
005 - FECHA Y HORA DE LA ÚLTIMA TRANSACCIÓN
campo de control 20211014100129.0
008 - DATOS DE LONGITUD FIJA--INFORMACIÓN GENERAL
campo de control de longitud fija 090804s1998 dr 000 0 spa d
040 ## - FUENTE DE LA CATALOGACIÓN
Centro catalogador/agencia de origen DO-SdBNP
Lengua de catalogación spa
Centro/agencia transcriptor BNPHU
082 ## - NÚMERO DE LA CLASIFICACIÓN DECIMAL DEWEY
Número de clasificación 864.44
Número de documento/Ítem R466d
100 1# - ENTRADA PRINCIPAL--NOMBRE DE PERSONA
Nombre de persona Reynoso Reynoso, Antonio,
Títulos y otros términos asociados al nombre Padre Toño
Fechas asociadas al nombre 1954-
9 (RLIN) 14823
245 10 - MENCIÓN DE TÍTULO
Título Del púlpito a la política /
Mención de responsabilidad, etc. Antonio Reynosos Reynoso ; edición al cuidado de Rafael Menoscal Reynoso.
260 ## - PUBLICACIÓN, DISTRIBUCIÓN, ETC.
Lugar de publicación, distribución, etc. Santo Domingo :
Nombre del editor, distribuidor, etc. Cocolo,
Fecha de publicación, distribución, etc. 1998.
300 ## - DESCRIPCIÓN FÍSICA
Extensión 255 p. ;
Dimensiones 21 cm.
650 #4 - PUNTO DE ACCESO ADICIONAL DE MATERIA--TÉRMINO DE MATERIA
Término de materia o nombre geográfico como elemento de entrada Politica
Subdivisión general Ensayos, conferencias, etc.
9 (RLIN) 14824
650 #4 - PUNTO DE ACCESO ADICIONAL DE MATERIA--TÉRMINO DE MATERIA
Término de materia o nombre geográfico como elemento de entrada Religion
Subdivisión general Religion, ensayos, conferencias, etc.
9 (RLIN) 14825
700 1# - PUNTO DE ACCESO ADICIONAL--NOMBRE DE PERSONA
Nombre de persona Reynoso, Menoscal
Término indicativo de función/relación ed.
9 (RLIN) 41
Holdings
Estado de retiro Estado de pérdida No para préstamo Código de colección Localización permanente Ubicación/localización actual Ubicación en estantería Fecha de adquisición Número de inventario Total de préstamos Signatura topográfica completa Código de barras Fecha visto por última vez Precio válido a partir de Tipo de ítem Koha
    Excluido de préstamo Patrimonio Dominicano Patrimonio Dominicano Patrimonio Dominicano Depósito 04.08.2009 LF1   864.44 R466d 5177-10 25.06.2020 25.06.2020 Libro y Folleto Colección Patrimonio Dominicano

Powered by Koha